<?xml version="1.0" encoding="UTF-8"?>
<record
    xmlns:xsi="http://www.w3.org/2001/XMLSchema-instance"
    xsi:schemaLocation="http://www.loc.gov/MARC21/slim http://www.loc.gov/standards/marcxml/schema/MARC21slim.xsd"
    xmlns="http://www.loc.gov/MARC21/slim">

  <leader>00967nam a22001817a 4500</leader>
  <datafield tag="999" ind1=" " ind2=" ">
    <subfield code="c">62508</subfield>
    <subfield code="d">62508</subfield>
  </datafield>
  <controlfield tag="003">Ge_BSU</controlfield>
  <controlfield tag="005">20241119163242.0</controlfield>
  <controlfield tag="008">241119s1988    ge ||||| |||| 00| 0 geo d</controlfield>
  <datafield tag="041" ind1=" " ind2=" ">
    <subfield code="a">geo</subfield>
  </datafield>
  <datafield tag="080" ind1=" " ind2=" ">
    <subfield code="a">617-089.17: 616-089.17 &#x10D9;-95</subfield>
  </datafield>
  <datafield tag="100" ind1=" " ind2=" ">
    <subfield code="a">&#x10D9;&#x10E3;&#x10E2;&#x10E3;&#x10D1;&#x10D8;&#x10EB;&#x10D4;, &#x10D0;&#x10D5;&#x10D7;&#x10D0;&#x10DC;&#x10D3;&#x10D8;&#x10DA;.</subfield>
    <subfield code="9">23750</subfield>
  </datafield>
  <datafield tag="245" ind1=" " ind2=" ">
    <subfield code="a">&#x10E5;&#x10D8;&#x10E0;&#x10E3;&#x10E0;&#x10D2;&#x10D8;&#x10E3;&#x10DA; &#x10D3;&#x10D0;&#x10D0;&#x10D5;&#x10D0;&#x10D3;&#x10D4;&#x10D1;&#x10D0;&#x10D7;&#x10D0; &#x10D3;&#x10D0;&#x10DB;&#x10D0;&#x10EE;&#x10D0;&#x10E1;&#x10D8;&#x10D0;&#x10D7;&#x10D4;&#x10D1;&#x10D4;&#x10DA;&#x10D8; &#x10E1;&#x10D8;&#x10DB;&#x10DE;&#x10E2;&#x10DD;&#x10DB;&#x10D4;&#x10D1;&#x10D8; &#x10D3;&#x10D0; &#x10E1;&#x10D8;&#x10DC;&#x10D3;&#x10E0;&#x10DD;&#x10DB;&#x10D4;&#x10D1;&#x10D8;   /</subfield>
    <subfield code="c">&#x10D0;&#x10D5;&#x10D7;&#x10D0;&#x10DC;&#x10D3;&#x10D8;&#x10DA;  &#x10D9;&#x10E3;&#x10E2;&#x10E3;&#x10D1;&#x10D8;&#x10EB;&#x10D4;.</subfield>
  </datafield>
  <datafield tag="264" ind1=" " ind2=" ">
    <subfield code="a">&#x10D7;&#x10D1;&#x10D8;&#x10DA;&#x10D8;&#x10E1;&#x10D8;:</subfield>
    <subfield code="b">&#x10D7;&#x10D1;&#x10D8;&#x10DA;. &#x10E3;&#x10DC;-&#x10E2;&#x10D8;&#x10E1; &#x10D2;&#x10D0;&#x10DB;-&#x10D1;&#x10D0;, </subfield>
    <subfield code="c">1988.</subfield>
  </datafield>
  <datafield tag="300" ind1=" " ind2=" ">
    <subfield code="a">122 &#x10D2;&#x10D5;. ; </subfield>
    <subfield code="b">20 &#x10E1;&#x10DB;.</subfield>
  </datafield>
  <datafield tag="653" ind1=" " ind2=" ">
    <subfield code="a">&#x10E5;&#x10D8;&#x10E0;&#x10E3;&#x10E0;&#x10D2;&#x10D8;&#x10E3;&#x10DA;&#x10D8; &#x10D3;&#x10D0;&#x10D0;&#x10D5;&#x10D0;&#x10D3;&#x10D4;&#x10D1;&#x10D4;&#x10D1;&#x10D8;.</subfield>
  </datafield>
  <datafield tag="710" ind1=" " ind2=" ">
    <subfield code="a">&#x10E1;&#x10D0;&#x10E5;. &#x10E1;&#x10E1;&#x10E0; &#x10E1;&#x10D0;&#x10EE;&#x10D0;&#x10DA;&#x10EE;&#x10DD; &#x10D2;&#x10D0;&#x10DC;&#x10D0;&#x10D7;&#x10DA;. &#x10E1;&#x10D0;&#x10DB;&#x10D8;&#x10DC;. &#x10E0;&#x10D4;&#x10E1;&#x10DE;. &#x10E1;&#x10D0;&#x10DB;&#x10D4;&#x10EA;&#x10DC;.-&#x10DB;&#x10D4;&#x10D7;&#x10DD;&#x10D3;. &#x10EA;&#x10D4;&#x10DC;&#x10E2;&#x10E0;&#x10D8;.</subfield>
    <subfield code="9">23751</subfield>
  </datafield>
  <datafield tag="942" ind1=" " ind2=" ">
    <subfield code="2">udc</subfield>
    <subfield code="c">BK</subfield>
  </datafield>
  <datafield tag="952" ind1=" " ind2=" ">
    <subfield code="0">0</subfield>
    <subfield code="1">0</subfield>
    <subfield code="2">udc</subfield>
    <subfield code="4">0</subfield>
    <subfield code="6">61708917_61608917_&#x10D9;95</subfield>
    <subfield code="7">0</subfield>
    <subfield code="9">101217</subfield>
    <subfield code="a">CPL</subfield>
    <subfield code="b">CPL</subfield>
    <subfield code="c">GEN</subfield>
    <subfield code="d">2024-11-19</subfield>
    <subfield code="g">3.00</subfield>
    <subfield code="o">617-089.17: 616-089.17 &#x10D9;-95</subfield>
    <subfield code="p">69809</subfield>
    <subfield code="r">2024-11-19</subfield>
    <subfield code="t">69809</subfield>
    <subfield code="w">2024-11-19</subfield>
    <subfield code="y">BK</subfield>
    <subfield code="z">3.00</subfield>
  </datafield>
</record>
